<?xml version="1.0" encoding="UTF-8"?>
<record
    xmlns:xsi="http://www.w3.org/2001/XMLSchema-instance"
    xsi:schemaLocation="http://www.loc.gov/MARC21/slim http://www.loc.gov/standards/marcxml/schema/MARC21slim.xsd"
    xmlns="http://www.loc.gov/MARC21/slim">

  <leader>01523nam a22002657a 4500</leader>
  <controlfield tag="001">BRCA_9206</controlfield>
  <controlfield tag="003">FranzMayer</controlfield>
  <controlfield tag="005">20220809135010.0</controlfield>
  <controlfield tag="008">220718b        |||||||| |||| 00| 0 eng d</controlfield>
  <datafield tag="020" ind1=" " ind2=" ">
    <subfield code="a">9783959050586</subfield>
  </datafield>
  <datafield tag="040" ind1=" " ind2=" ">
    <subfield code="b">spa</subfield>
    <subfield code="c">MFM</subfield>
  </datafield>
  <datafield tag="041" ind1=" " ind2=" ">
    <subfield code="a">ger</subfield>
    <subfield code="a">eng</subfield>
  </datafield>
  <datafield tag="050" ind1=" " ind2=" ">
    <subfield code="a">NX1.A1</subfield>
    <subfield code="b">B38 2015 v.7</subfield>
  </datafield>
  <datafield tag="245" ind1=" " ind2=" ">
    <subfield code="a">Bauhaus Ausgabe 7 Kollektiv = Bauhaus Issue 7 Collective</subfield>
  </datafield>
  <datafield tag="260" ind1=" " ind2=" ">
    <subfield code="a">Leipzig, Alemania : </subfield>
    <subfield code="b">Spector Books</subfield>
    <subfield code="c">2015</subfield>
  </datafield>
  <datafield tag="300" ind1=" " ind2=" ">
    <subfield code="a">218 p. : </subfield>
    <subfield code="b">il, fot. ; </subfield>
    <subfield code="c">21 x 29.5 cm. </subfield>
  </datafield>
  <datafield tag="500" ind1=" " ind2=" ">
    <subfield code="a">Ubicaci&#xF3;n: L59-N5</subfield>
  </datafield>
  <datafield tag="500" ind1=" " ind2=" ">
    <subfield code="a">&#xCD;ndice: pp. 4-6</subfield>
  </datafield>
  <datafield tag="500" ind1=" " ind2=" ">
    <subfield code="a">Revista editada con formato de libro</subfield>
  </datafield>
  <datafield tag="520" ind1=" " ind2=" ">
    <subfield code="a">La revista recoge numerosos enfoques, pensamientos, ideas y proyectos en torno al status quo del colectivo en el arte, la arquitectura y el dise&#xF1;o. Aborda los modelos comunales y cooperativos en Bauhaus, el principio cooperativo de Hannes Meyer en la URSS y Chile y el anonimato y conflicto en los arquitectos colaborativos (TAC) de Gropius en los Estados Unidos. Tambi&#xE9;n habla sobre el v&#xED;nculo entre Bauhaus y la pr&#xF3;xima Bienal de Arquitectura de Venecia, por qu&#xE9; los arquitectos en Espa&#xF1;a actualmente invierten m&#xE1;s en pr&#xE1;cticas de dise&#xF1;o colectivo y c&#xF3;mo las sociedades cooperativas no solo influyen en la identidad colectiva de los suizos, sino tambi&#xE9;n en otros proyectos conjuntos en Alemania. - Texto de la revista</subfield>
  </datafield>
  <datafield tag="610" ind1=" " ind2=" ">
    <subfield code="a">Stiftung Bauhaus Dessau.</subfield>
    <subfield code="v">Publicaciones</subfield>
    <subfield code="9">28458</subfield>
  </datafield>
  <datafield tag="650" ind1=" " ind2=" ">
    <subfield code="a">Dise&#xF1;o</subfield>
    <subfield code="x">Arte</subfield>
    <subfield code="x">Historia</subfield>
    <subfield code="v">Revistas</subfield>
    <subfield code="9">28459</subfield>
  </datafield>
  <datafield tag="651" ind1=" " ind2=" ">
    <subfield code="a">&#x200F;</subfield>
    <subfield code="9">28460</subfield>
  </datafield>
  <datafield tag="942" ind1=" " ind2=" ">
    <subfield code="2">lcc</subfield>
    <subfield code="c">B</subfield>
  </datafield>
  <datafield tag="999" ind1=" " ind2=" ">
    <subfield code="c">10825</subfield>
    <subfield code="d">10825</subfield>
  </datafield>
  <datafield tag="952" ind1=" " ind2=" ">
    <subfield code="0">0</subfield>
    <subfield code="1">0</subfield>
    <subfield code="2">lcc</subfield>
    <subfield code="4">0</subfield>
    <subfield code="7">0</subfield>
    <subfield code="a">BRCA</subfield>
    <subfield code="b">BRCA</subfield>
    <subfield code="d">2022-07-18</subfield>
    <subfield code="l">0</subfield>
    <subfield code="o">NX1.A1 B38 2015 v.7</subfield>
    <subfield code="p">CONT9985</subfield>
    <subfield code="r">2022-07-18 00:00:00</subfield>
    <subfield code="w">2022-07-18</subfield>
    <subfield code="y">B</subfield>
  </datafield>
</record>
